000
00253nam a2200097Ia 4500
008
230915s9999 xx 000 0 und d
050
_a
HD30.28.T496 2001
100
_a
ARTHUR A.THOMPSON
245
0
_a
STRATEGIC MANAGEMENT: CONCEPTS AND CASES
942
_c
BK
999
_c
75735
_d
75735